000 01219nam a2200277 a 4500
001 000005323
005 20251208100711.0
008 090819s1971 mx 001 0 spa d
040 _aDO-SdBNP
_bspa
_cBNPHU
082 _a155.28
_bM496m
100 1 _aMegargee, Edwin I.
_915102
240 1 0 _aResearch in clinical assessment
245 1 0 _aMétrica de la personalidad :
_bmetodología general y evaluación clínica con pruebas estructuradas /
_cEdwin I. Megargee ; traductor Emilio Ribes Iñesta.
260 _aMéxico :
_bTrillas,
_c1971.
300 _a2 v. ;
_c23 cm.
490 1 _aBiblioteca técnica de psicología ;
500 _aLa biblioteca posee la reimpresión de 1980
505 0 _gv.1. --
_tMetodología general y evaluación clínica con pruebas estructuradas --
_gv. 2. --
_tEvaluación clínica con pruebas proyectivas ; Integración de los datos de baterías de pruebas en el diagnóstico clínico.
590 _alibro autográfiado .
650 0 _aPruebas de personalidad
_915103
650 4 _aPersonalidad
_xEvaluación
_915104
650 4 _aTecnicas proyectivas
_915105
700 1 _aRibes Iñesta, Emilio,
_etr.
_915106
830 0 _aBiblioteca técnica de psicología ;
_915107
049 _aBMPD
999 _c5124
_d5124